000 00207nam a22000857a 4500
008 161208b xxu||||| |||| 00| 0 eng d
100 _91955
_aEstes.R.
245 _aDragon of Doom
260 _aNew Delhi
_bVikas
_c1983
999 _c4749
_d4749